|
|
|
|
| LEADER |
00000nam a2200000Ii 4500 |
| 001 |
DIGCOJAL0007 |
| 003 |
NyNyDIG |
| 006 |
m o d |
| 007 |
cr ||||||||||| |
| 008 |
250404s2018 mx a ob 000 0 spa d |
| 035 |
|
|
|a (OCoLC)1513491812
|
| 040 |
|
|
|a DGITA
|b eng
|e rda
|e pn
|c DGITA
|
| 020 |
|
|
|z 9786078350865
|
| 043 |
|
|
|a n-mx---
|
| 050 |
1 |
4 |
|a HQ799.M62 ebook
|
| 100 |
1 |
|
|a Zamora García, Jesús,
|e author.
|
| 245 |
1 |
3 |
|a La calle y sus espíritus :
|b análisis histórico de dos comunidades juveniles en la Guadalajara de los setenta y ochenta : los tonchos y los soleros /
|c Jesús Zamora García.
|
| 264 |
|
1 |
|a Zapopan, Jalisco :
|b El Colegio de Jalisco,
|c [2018]
|
| 300 |
|
|
|a 1 online resource :
|b illustrations.
|
| 336 |
|
|
|a text
|b txt
|2 rdacontent
|
| 337 |
|
|
|a computer
|b c
|2 rdamedia
|
| 338 |
|
|
|a online resource
|b cr
|2 rdacarrier
|
| 347 |
|
|
|a text file
|2 rdaft
|
| 347 |
|
|
|b PDF
|
| 490 |
1 |
|
|a Investigación
|
| 504 |
|
|
|a Includes bibliographical references.
|
| 588 |
0 |
|
|a Online resource; title from PDF title page (Digitalia, viewed April 4, 2025)
|
| 650 |
|
0 |
|a Youth
|z Mexico
|z Guadalajara
|x Social conditions
|y 20th century.
|
| 650 |
|
0 |
|a Dissenters
|z Mexico
|z Guadalajara
|y 20th century.
|
| 650 |
|
0 |
|a Rock groups
|z Mexico
|z Guadalajara
|y 20th century.
|
| 650 |
|
0 |
|a Rock music
|x Social aspects
|z Mexico
|z Guadalajara.
|
| 791 |
2 |
|
|a Digitalia (Firm),
|e distributor.
|
| 793 |
0 |
|
|g Digitalia eBook Collection:
|a El Colegio de Jalisco
|
| 776 |
0 |
8 |
|i Print version:
|a Zamora García, Jesús.
|t Calle y sus espíritus.
|b Primera edición.
|d Zapopan, Jalisco : El Colegio de Jalisco, 2018
|z 9786078350865
|
| 830 |
|
0 |
|a Investigación (Colegio de Jalisco)
|
| 856 |
4 |
0 |
|3 Digitalia Hispánica
|u https://www.digitaliapublishing.com/a/172169/
|
| 910 |
|
|
|a Premium collection: 2025
|